Differentially expressed transcripts of Hevea brasiliensis experiencing TPD (Record no. 53109)

MARC details
000 -LEADER
fixed length control field 00453nam a2200145Ia 4500
100 ## - MAIN ENTRY--AUTHOR NAME
Personal name Sathik M B M
245 #0 - TITLE STATEMENT
Title Differentially expressed transcripts of Hevea brasiliensis experiencing TPD
260 ## - PUBLICATION, DISTRIBUTION, ETC. (IMPRINT)
Name of publisher International Natural Rubber Conference, 13-14 November 2006, Ho Chi Minh City, Vietnam
700 ## - ADDED ENTRY--PERSONAL NAME
Personal name Jacob J
700 ## - ADDED ENTRY--PERSONAL NAME
Personal name Jose R M
700 ## - ADDED ENTRY--PERSONAL NAME
Personal name Thomas M
700 ## - ADDED ENTRY--PERSONAL NAME
Personal name Thomas R A
942 ## - ADDED ENTRY ELEMENTS (KOHA)
Koha item type Bibliography STAF
Holdings
Withdrawn status Lost status Damaged status Not for loan Home library Current library Date acquired Koha item type
      Bibliography RRII Library RRII Library 09/04/2014 Bibliography STAF